Guess The Country From Geography Facts 2 - Statistics

General Stats
  • This quiz has been taken 34 times
  • The average score is 6 of 7
Answer Stats
Hint Answer % Correct
Country with the tallest building in the world U
100%
The Country is... Bhutan
94%
The City where the EU Headquarters are located B
87%
Mountain range containing Mount Everest H
87%
Famous waterfall in Canada N
81%
Buddhist region governed by China T
77%
The Capital City of Nigeria A
68%
No matching quizzes found
Score Distribution
Percent of People with Each Score
Percentile by Number Answered
Your Score History
You have not taken this quiz